Life Begins / (Record no. 6460)

MARC details
000 -LEADER
fixed length control field 00544nam a22001697a 4500
003 - CONTROL NUMBER IDENTIFIER
control field OSt
005 - DATE AND TIME OF LATEST TRANSACTION
control field 20251127122050.0
008 - FIXED-LENGTH DATA ELEMENTS--GENERAL INFORMATION
fixed length control field 251127b |||||||| |||| 00| 0 eng d
020 ## - INTERNATIONAL STANDARD BOOK NUMBER
International Standard Book Number 978-971-95301-2-1
040 ## - CATALOGING SOURCE
Original cataloging agency DWCL - Main
Transcribing agency OC
082 ## - DEWEY DECIMAL CLASSIFICATION NUMBER
Classification number Prof. 153.8 C411L 2019
100 ## - MAIN ENTRY--PERSONAL NAME
Personal name Cervantes, Christopher G.
245 ## - TITLE STATEMENT
Title Life Begins /
Statement of responsibility, etc. Christopher G. Cervantes
260 ## - PUBLICATION, DISTRIBUTION, ETC.
Place of publication, distribution, etc. San Jose del Monte City, Bulacan, Philippines:
Name of publisher, distributor, etc. Cardinal Buoy Publications,
Date of publication, distribution, etc. c2019.
300 ## - PHYSICAL DESCRIPTION
Extent 242 pages:
Other physical details illustration;
Dimensions 21cm.
942 ## - ADDED ENTRY ELEMENTS (KOHA)
Source of classification or shelving scheme Dewey Decimal Classification
Koha item type Professional Collections
Call number prefix Prof.
Suppress in OPAC No
952 ## - LOCATION AND ITEM INFORMATION (KOHA)
--
Holdings
Withdrawn status Lost status Source of classification or shelving scheme Damaged status Not for loan Home library Current library Date acquired Source of acquisition Cost, normal purchase price Total Checkouts Full call number Barcode Date last seen Copy number Cost, replacement price Price effective from Koha item type Uniform Resource Identifier
    Dewey Decimal Classification     Junior High School Library Junior High School Library 03/09/2023 Library Fund 499.00   Prof. 153.8 C411L 2019 JHS - 21081 11/27/2025 c1 499.00 11/27/2025 PROF.